Bilecik Bilecik Bilecik Bilecik Bilecik

Cross cultural communication: re-visionen/ (Record no. 56128)

MARC details
000 -BAŞLIK
Sabit Uzunluktaki Kontrol Alanı 00834nam a22002777a 4500
001 - KONTROL NUMARASI
Control Dosyası 0056320
003 - KONTROL NUMARASI KİMLİĞİ
Kontrol Alanı KOHA_MİRAKIL
005 - EN SON İŞLEM TARİHİ ve ZAMANI
Kontrol Alanı 20260207004046.0
007 - FİZİKSEL TANIM SABİT ALAN - GENEL BİLGİ
Sabit uzunluklu kontrol alanı ta
008 - SABİT UZUNLUKTAKİ VERİ ÖGELERİ - GENEL BİLGİ
Sabit Alan 160314b2012 ge |||gr||||#||||0|ger |
020 ## - ISBN - ULUSLARARASI STANDART KİTAP NUMARASI
Isbn 9783631623510
040 ## - KATALOGLAMA KAYNAĞI
Özgün Kataloglama Kurumu TR-BiSEU
Kataloglama Dili tur
Çeviri Kurumu TR-BiSEU
Açıklama Kuralları rda
041 0# - DİL KODU
Metin ya da ses kaydının dil kodu ger
-- eng
044 ## - YAYINLAYAN/ÜRETEN KURULUŞUN ÜLKE KODU
ISO country code ge
050 ## - SINIFLAMA ve YER NUMARASI
Sınıflama Numarası HM1211
Yer Numarası .C76 2012
245 0# - ESER ADI BİLDİRİMİ
Başlık Cross cultural communication: re-visionen/
Sorumluluk Bildirimi Edited by Ernest W. B. Hess-Lüttich, Richard Watts.
264 #1 - ÜRERİM, YAYIN, DAĞITIM ve TELİF BİLDİRİMİ
Yayın yeri Frankfurt :
Yayınlayan Peter Lang
Yayın tarihi 2012
300 ## - FİZİKSEL TANIMLAMA
Sayfa, Cilt vb. 682 pages ;
Boyutları 20 cm
336 ## - İÇERİK TÜRÜ
Content type term metin
Content type code txt
Source rdacontent
337 ## - MEDYA TÜRÜ
Media type term aracısız
Media type code n
Source rdamedia
338 ## - TAŞIYICI TÜRÜ
Carrier type term cilt
Carrier type code nc
Source rdacarrier
650 #0 - KONU BAŞLIĞI EK GİRİŞ - KONU TERİMİ
Konusal terim veya coğrafi ad Intercultural communication.
9 (RLIN) 86140
650 #0 - KONU BAŞLIĞI EK GİRİŞ - KONU TERİMİ
Konusal terim veya coğrafi ad Communication.
9 (RLIN) 3603
650 #0 - KONU BAŞLIĞI EK GİRİŞ - KONU TERİMİ
Konusal terim veya coğrafi ad Communication--Activity programs.
9 (RLIN) 104346
942 ## - EK GİRİŞ ÖGELERİ (KOHA)
Source of classification or shelving scheme Library of Congress Classification
Koha item type Book
Holdings
Materyal Türü Kalıcı Konum Mevcut Konum Raf Yeri Sınıflandırma Kaynağı Edinim Bilgisi Ana Konular Alt Konular Yer Numarası Demirbaş Numarası Fatura Tarihi Geri Çekilme Durumu Kayıp Durumu Hasarlı Durumu Kredi için değil Kayıt Tarih Toplam Ödünçverme Son Görülme Tarihi Son Kontrol Tarihi Genel / Bağış Notu
Book Prof. Dr. Azmi Özcan Kütüphanesi Prof. Dr. Azmi Özcan Kütüphanesi Uluğbey Salonu Library of Congress Classification Bağış SOSYAL BİLİMLER Sosyoloji (Genel) HM1211 .C76 2012 0056320 02/02/2026         14/03/2016   05/12/2024 05/12/2024 Mustafa Çakır, Akademisyen